[Event "Madrid-chT Honor 2223"]
[White "Garrido Olivares, Ricard"]
[Black "Moreno Ibanez, Miguel"]
[Site "Madrid"]
[Round "11.4"]
[Result "1-0"]
[Date "2023.02.26"]
[WhiteElo "2186"]
[BlackElo "2218"]
[PlyCount "77"]
[EventDate "2022.11.20"]
[EventType "team-tourn"]
[EventRounds "14"]
[EventCountry "ESP"]
[SourceTitle "EXT 2024"]
[Source "ChessBase"]
[SourceDate "2023.10.10"]
[SourceVersion "1"]
[SourceVersionDate "2023.10.10"]
[SourceQuality "1"]
[WhiteTeam "San Fernando de Henares"]
[BlackTeam "Alcala de Henares"]
[WhiteTeamCountry "ESP"]
[BlackTeamCountry "ESP"]

1. Nf3 g6 2. d4 Bg7 3. c4 d6 4. Nc3 Nf6 5. e3 0-0 6. Be2 Nbd7 7. 0-0 e5 8. b4 Re8 9. Bb2 e4 10. Nd2 Nf8 11. a4 h5 12. Qc2 Bf5 13. Rfc1 N8h7 14. a5 a6 15. Qd1 Qd7 16. b5 Bg4 17. h3 Bxe2 18. Qxe2 g5 19. Ba3 h4 20. Bb4 Qf5 21. Nf1 Kh8 22. Nh2 Rg8 23. f3 Rae8 24. Rf1 exf3 25. Rxf3 Qg6 26. Rc1 Ne4 27. Nxe4 Rxe4 28. Qd3 f5 29. Rcf1 Rf8 30. bxa6 bxa6 31. Bc3 g4 32. hxg4 fxg4 33. Rf4 Rfxf4 34. Rxf4 Nf6 35. Nxg4 Rxf4 36. Qxg6 Rxg4 37. Qf5 h3 38. d5 Rxg2+ 39. Kf1 1-0

[Event "Madrid-chT Honor 2223"]
[White "Horcajada Reales, Guillermo"]
[Black "Moreno Ibanez, Miguel"]
[Site "Madrid"]
[Round "9.4"]
[Result "1-0"]
[Date "2023.02.12"]
[WhiteElo "2081"]
[BlackElo "2218"]
[PlyCount "41"]
[EventDate "2022.11.20"]
[EventType "team-tourn"]
[EventRounds "14"]
[EventCountry "ESP"]
[SourceTitle "EXT 2024"]
[Source "ChessBase"]
[SourceDate "2023.10.10"]
[SourceVersion "1"]
[SourceVersionDate "2023.10.10"]
[SourceQuality "1"]
[WhiteTeam "Virgen de Atocha"]
[BlackTeam "Alcala de Henares"]
[WhiteTeamCountry "ESP"]
[BlackTeamCountry "ESP"]

1. c4 e5 2. Nc3 Nc6 3. g3 g6 4. Bg2 Bg7 5. e4 d6 6. Nge2 f5 7. d3 Nf6 8. 0-0 0-0 9. Rb1 Be6 10. Nd5 Qd7 11. b4 Nd8 12. b5 Ne8 13. Qa4 h6 14. Nec3 f4 15. f3 h5 16. Qa3 Bh3 17. b6 Bxg2 18. Kxg2 Ne6 19. bxc7 Ng5 20. Rb2 fxg3 21. Bxg5 1-0

[Event "Madrid-chT Honor 2223"]
[White "Quevedo Marin, Manuel"]
[Black "Moreno Ibanez, Miguel"]
[Site "Madrid"]
[Round "6.4"]
[Result "1-0"]
[Date "2023.01.22"]
[WhiteElo "2168"]
[BlackElo "2218"]
[PlyCount "87"]
[EventDate "2022.11.20"]
[EventType "team-tourn"]
[EventRounds "14"]
[EventCountry "ESP"]
[SourceTitle "EXT 2024"]
[Source "ChessBase"]
[SourceDate "2023.10.10"]
[SourceVersion "1"]
[SourceVersionDate "2023.10.10"]
[SourceQuality "1"]
[WhiteTeam "San Sebastian de los Reyes"]
[BlackTeam "Alcala de Henares"]
[WhiteTeamCountry "ESP"]
[BlackTeamCountry "ESP"]

1. d4 Nf6 2. c4 g6 3. Nc3 Bg7 4. e4 d6 5. h3 0-0 6. Be3 Na6 7. Bd3 e5 8. d5 Nh5 9. g3 Qe8 10. Be2 Nf6 11. g4 Nd7 12. g5 f5 13. f3 Ndc5 14. a3 fxe4 15. fxe4 Rf4 16. Qc2 Bd7 17. b4 Na4 18. Nb5 Qe7 19. 0-0-0 Qxg5 20. Qxa4 Qg2 21. Bxf4 exf4 22. Qc2 c5 23. Bg4 Qxc2+ 24. Kxc2 Bxg4 25. hxg4 cxb4 26. Nf3 bxa3 27. Nxa3 Nc5 28. Rhe1 a6 29. e5 b5 30. cxb5 axb5 31. Nxb5 dxe5 32. Rxe5 Bxe5 33. Nxe5 Ra2+ 34. Kb1 Re2 35. Nd3 Nb3 36. Nxf4 Re4 37. Nd3 Kf8 38. d6 Ke8 39. d7+ Kd8 40. Ka2 Nd4 41. Nc5 Re2+ 42. Kb1 Ne6 43. Nb7+ Ke7 44. Nd4 1-0

[Event "Madrid-chT Honor 2223"]
[White "Moreno Ibanez, Miguel"]
[Black "Garrido Olivares, Ricard"]
[Site "Madrid"]
[Round "4.4"]
[Result "1-0"]
[Date "2022.12.18"]
[WhiteElo "2218"]
[BlackElo "2186"]
[PlyCount "75"]
[EventDate "2022.11.20"]
[EventType "team-tourn"]
[EventRounds "14"]
[EventCountry "ESP"]
[SourceTitle "EXT 2024"]
[Source "ChessBase"]
[SourceDate "2023.10.10"]
[SourceVersion "1"]
[SourceVersionDate "2023.10.10"]
[SourceQuality "1"]
[WhiteTeam "Alcala de Henares"]
[BlackTeam "San Fernando de Henares"]
[WhiteTeamCountry "ESP"]
[BlackTeamCountry "ESP"]

1. e4 c6 2. Nf3 d5 3. d3 dxe4 4. dxe4 Qxd1+ 5. Kxd1 Nf6 6. Nfd2 g5 7. Nc3 Rg8 8. a4 Be6 9. Bc4 Bxc4 10. Nxc4 Na6 11. Bd2 e6 12. e5 Nd7 13. Ne4 Nac5 14. Ncd6+ Bxd6 15. Nxd6+ Ke7 16. b4 Na6 17. Nxb7 Nxe5 18. Na5 Rac8 19. Re1 f6 20. b5 Nb8 21. Nb7 Nbd7 22. Bb4+ c5 23. Bc3 Nc4 24. Re4 Nd6 25. Nxd6 Kxd6 26. Ke1 e5 27. Bb2 Rgd8 28. a5 Rb8 29. c4 a6 30. Rd1+ Kc7 31. b6+ Kc6 32. Re3 Nf8 33. Rh3 Rxd1+ 34. Kxd1 Rd8+ 35. Ke2 Rd6 36. Rh6 Kd7 37. b7 Kc7 38. Bxe5 1-0

[Event "Madrid-chT Honor 2223"]
[White "Bustos Bernardo, Samuel"]
[Black "Moreno Ibanez, Miguel"]
[Site "Madrid"]
[Round "3.4"]
[Result "1-0"]
[Date "2022.12.11"]
[WhiteElo "2189"]
[BlackElo "2218"]
[PlyCount "161"]
[EventDate "2022.11.20"]
[EventType "team-tourn"]
[EventRounds "14"]
[EventCountry "ESP"]
[SourceTitle "EXT 2024"]
[Source "ChessBase"]
[SourceDate "2023.10.10"]
[SourceVersion "1"]
[SourceVersionDate "2023.10.10"]
[SourceQuality "1"]
[WhiteTeam "Alcorcon Diagonal"]
[BlackTeam "Alcala de Henares"]
[WhiteTeamCountry "ESP"]
[BlackTeamCountry "ESP"]

1. Nf3 Nf6 2. c4 b6 3. g3 Bb7 4. Bg2 g6 5. 0-0 Bg7 6. Nc3 0-0 7. Rb1 c5 8. b4 cxb4 9. Rxb4 Na6 10. Rb1 d5 11. Ne1 Nc5 12. d4 Ne6 13. Nc2 Qd7 14. Ba3 Rac8 15. Ne3 dxc4 16. d5 Nc5 17. Nxc4 Rfd8 18. Ne3 e6 19. dxe6 Qxe6 20. Qe1 Bxg2 21. Nxg2 Nfe4 22. Nf4 Qc4 23. Nxe4 Nxe4 24. Bb2 Nd2 25. Rc1 Qxa2 26. Rxc8 Rxc8 27. Qxd2 Qxb2 28. Qd7 Rf8 29. Qxa7 b5 30. Qb7 Qb3 31. Qe4 Qa4 32. Qc6 Qa5 33. Rb1 b4 34. Nd5 Rb8 35. Qc4 Bf8 36. Nf6+ Kh8 37. Qxf7 Bg7 38. Ne8 Qe5 39. Nxg7 Qxg7 40. Qc4 Qb7 41. Rb3 Qb6 42. Qf7 Qd6 43. Rd3 Qf8 44. Qc4 Qe7 45. Re3 Qb7 46. Qc5 Rc8 47. Qe5+ Kg8 48. Qe6+ Kh8 49. f3 Rb8 50. Qf6+ Kg8 51. Kg2 Qf7 52. Qd6 Rb7 53. Qd8+ Kg7 54. Qd4+ Qf6 55. Qc4 Qf7 56. Qb3 Qxb3 57. Rxb3 Kf6 58. Kf2 Ke5 59. Ke3 Kd5 60. Kd3 Kc5 61. Kc2 Re7 62. e3 Ra7 63. Kb2 Kc4 64. e4 Rd7 65. Re3 Rd2+ 66. Kc1 Rxh2 67. e5 Kd4 68. e6 Kxe3 69. e7 Kxf3 70. e8Q Kxg3 71. Qb8+ Kg2 72. Qxb4 Rh5 73. Qg4+ Kf2 74. Kd2 Rd5+ 75. Kc3 Rh5 76. Kd3 Kf1 77. Ke3 Re5+ 78. Kf4 Rh5 79. Qd1+ Kg2 80. Qd2+ Kf1 81. Kg3 1-0

[Event "Madrid-chT Honor 2223"]
[White "Moreno Ibanez, Miguel"]
[Black "Yanes Crespo, Javier"]
[Site "Madrid"]
[Round "2.4"]
[Result "1-0"]
[Date "2022.11.27"]
[WhiteElo "2218"]
[BlackElo "1971"]
[PlyCount "125"]
[EventDate "2022.11.20"]
[EventType "team-tourn"]
[EventRounds "14"]
[EventCountry "ESP"]
[SourceTitle "EXT 2024"]
[Source "ChessBase"]
[SourceDate "2023.10.10"]
[SourceVersion "1"]
[SourceVersionDate "2023.10.10"]
[SourceQuality "1"]
[WhiteTeam "Alcala de Henares"]
[BlackTeam "Virgen de Atocha"]
[WhiteTeamCountry "ESP"]
[BlackTeamCountry "ESP"]

1. Nf3 Nf6 2. b3 d5 3. Bb2 c5 4. g3 Nc6 5. Bg2 e6 6. 0-0 Be7 7. e3 0-0 8. Qe2 b6 9. c4 Bb7 10. Na3 Rc8 11. Rfd1 dxc4 12. bxc4 Qd7 13. Nb5 a6 14. Nc3 Qc7 15. Ne1 Rfd8 16. f4 Nb4 17. Bxb7 Qxb7 18. Rab1 Qc7 19. g4 Ne8 20. a3 Nc6 21. Nf3 Rb8 22. Ne4 Nd6 23. Ng3 b5 24. cxb5 axb5 25. Ba1 b4 26. axb4 Rxb4 27. Rbc1 Ne4 28. Nh5 g6 29. Ng3 Nf6 30. g5 Nd5 31. d3 Na5 32. Be5 Bd6 33. Bxd6 Qxd6 34. Ne4 Qb6 35. Ne5 Rb2 36. Qf3 Nc6 37. Nc4 Qb4 38. Nxb2 Qxb2 39. Rxc5 Ncb4 40. Rc4 Qb3 41. Nf2 Nxd3 42. Rxd3 Qxc4 43. e4 Qc1+ 44. Rd1 Qc5 45. exd5 exd5 46. Kg2 d4 47. Ne4 Qf5 48. Rd2 Kg7 49. Ng3 Qa5 50. Rd3 h6 51. gxh6+ Kxh6 52. f5 Qa2+ 53. Kg1 Qb1+ 54. Rd1 Qb6 55. f6 Rd6 56. Ne4 Rd5 57. Qf4+ g5 58. Qf3 Qe6 59. Ng3 Kg6 60. Rf1 g4 61. Qd3+ Kh6 62. Nf5+ Kg5 63. Qd2+ 1-0

[Event "Merida World Heritage op 2nd"]
[White "Septien Lopez, Valeriano"]
[Black "Moreno Ibanez, Miguel"]
[Site "Merida"]
[Round "3"]
[Result "0-1"]
[Date "2022.08.03"]
[WhiteElo "1738"]
[BlackElo "2244"]
[PlyCount "62"]
[EventDate "2022.08.02"]
[EventType "swiss"]
[EventRounds "9"]
[EventCountry "ESP"]
[SourceTitle "EXT 2023"]
[Source "ChessBase"]
[SourceDate "2022.10.05"]
[SourceVersion "1"]
[SourceVersionDate "2022.10.05"]
[SourceQuality "1"]

1. e4 c5 2. d3 Nc6 3. g3 d5 4. Nc3 Nf6 5. Bg2 dxe4 6. Nxe4 Nxe4 7. Bxe4 h5 8. c3 h4 9. Be3 e5 10. Qb3 Be7 11. Nf3 Qd6 12. Qd5 hxg3 13. fxg3 Qc7 14. Qb3 Na5 15. Qc2 Be6 16. Ng5 Bxg5 17. Bxg5 f6 18. Bg6+ Bf7 19. Bxf7+ Qxf7 20. Be3 0-0-0 21. b4 Qd5 22. 0-0-0 cxb4 23. c4 Qc6 24. Bxa7 b6 25. c5 Kb7 26. Bxb6 Ra8 27. Kb2 Qd5 28. Rhg1 Nc6 29. Qc4 Rxh2+ 30. Kb1 Qxc4 31. dxc4 Nd4 0-1

[Event "Merida World Heritage op 2nd"]
[White "Moreno Ibanez, Miguel"]
[Black "Mesa Garcia, Angel"]
[Site "Merida"]
[Round "1"]
[Result "1-0"]
[Date "2022.08.02"]
[WhiteElo "2244"]
[BlackElo "1622"]
[PlyCount "29"]
[EventDate "2022.08.02"]
[EventType "swiss"]
[EventRounds "9"]
[EventCountry "ESP"]
[SourceTitle "EXT 2023"]
[Source "ChessBase"]
[SourceDate "2022.10.05"]
[SourceVersion "1"]
[SourceVersionDate "2022.10.05"]
[SourceQuality "1"]

1. Nf3 d5 2. c4 c6 3. e3 Nf6 4. Nc3 Nbd7 5. cxd5 cxd5 6. Qc2 a6 7. d4 e6 8. Bd3 Bd6 9. Bd2 0-0 10. h3 b5 11. e4 dxe4 12. Nxe4 Be7 13. Ne5 Bb7 14. Ng5 h6 15. Bh7+ 1-0

[Event "Madrid-chT Honor 2122"]
[White "Moreno Ibanez, Miguel"]
[Black "Arriaga Lugo, Ricardo"]
[Site "Madrid"]
[Round "5.2"]
[Result "1-0"]
[Date "2022.01.16"]
[WhiteElo "2291"]
[BlackElo "2191"]
[PlyCount "55"]
[EventDate "2021.11.27"]
[EventType "team-tourn"]
[EventRounds "14"]
[EventCountry "ESP"]
[SourceTitle "EXT 2024"]
[Source "ChessBase"]
[SourceDate "2023.10.10"]
[SourceVersion "1"]
[SourceVersionDate "2023.10.10"]
[SourceQuality "1"]
[WhiteTeam "Alcala de Henares"]
[BlackTeam "La Didactica"]
[WhiteTeamCountry "ESP"]
[BlackTeamCountry "ESP"]

1. e4 c5 2. Nf3 d6 3. d4 cxd4 4. Nxd4 Nf6 5. Nc3 a6 6. f4 e6 7. Qf3 Qc7 8. Be3 Nc6 9. 0-0-0 Nxd4 10. Rxd4 b5 11. a3 Bb7 12. g4 Rc8 13. g5 Nd7 14. h4 Nb6 15. Kb1 d5 16. Bd3 Bc5 17. h5 0-0 18. e5 Nc4 19. Ne2 Rfe8 20. Bc1 Bxd4 21. Nxd4 Rb8 22. Qh3 Nxe5 23. fxe5 Qxe5 24. Nf3 Qc7 25. g6 e5 26. gxf7+ Qxf7 27. Bxh7+ Kh8 28. Bg6 1-0

[Event "Madrid-chT Honor 2122"]
[White "Martinez Martin, David"]
[Black "Moreno Ibanez, Miguel"]
[Site "Madrid"]
[Round "4.2"]
[Result "1-0"]
[Date "2022.01.09"]
[WhiteElo "2381"]
[BlackElo "2291"]
[PlyCount "49"]
[EventDate "2021.11.27"]
[EventType "team-tourn"]
[EventRounds "14"]
[EventCountry "ESP"]
[SourceTitle "EXT 2024"]
[Source "ChessBase"]
[SourceDate "2023.10.10"]
[SourceVersion "1"]
[SourceVersionDate "2023.10.10"]
[SourceQuality "1"]
[WhiteTeam "Virgen de Atocha"]
[BlackTeam "Alcala de Henares"]
[WhiteTeamCountry "ESP"]
[BlackTeamCountry "ESP"]

1. e4 c5 2. Nf3 d6 3. d4 cxd4 4. Nxd4 Nf6 5. Nc3 Nc6 6. Bc4 e6 7. Be3 Be7 8. Qe2 0-0 9. Bb3 Qc7 10. 0-0-0 a6 11. g4 Nxd4 12. Rxd4 Nd7 13. g5 Nc5 14. f4 Re8 15. Kb1 b5 16. Rg1 g6 17. h4 Rb8 18. h5 Bf8 19. hxg6 hxg6 20. f5 d5 21. f6 b4 22. Qf2 e5 23. Nxd5 Qa5 24. Rc4 Nxb3 25. axb3 1-0

[Event "Mislata op 54th"]
[White "Gonzalvez Tamarit, Ivan"]
[Black "Moreno Ibanez, Miguel"]
[Site "Mislata"]
[Round "8"]
[Result "0-1"]
[Date "2021.08.21"]
[WhiteElo "1922"]
[BlackElo "2259"]
[PlyCount "62"]
[EventDate "2021.08.16"]
[EventType "swiss"]
[EventRounds "9"]
[EventCountry "ESP"]
[SourceTitle "CBM 203 Extra"]
[Source "ChessBase"]
[SourceDate "2021.09.30"]
[SourceVersion "1"]
[SourceVersionDate "2021.09.30"]
[SourceQuality "1"]

1. d4 d6 2. Nf3 g6 3. Bf4 Bg7 4. e3 Nd7 5. h3 e5 6. Bh2 Nh6 7. Be2 0-0 8. 0-0 e4 9. Nfd2 Re8 10. a4 Nf5 11. Na3 a6 12. Rb1 Nf6 13. c4 c5 14. d5 h5 15. b4 cxb4 16. Rxb4 Nh4 17. Nc2 Qd7 18. Qe1 Nxg2 19. Kxg2 Qxh3+ 20. Kh1 Ng4 21. Bxg4 Bxg4 22. Rg1 Be5 23. Rg3 Bxg3 24. fxg3 Rac8 25. Rxb7 Bf3+ 26. Nxf3 exf3 27. Qf2 Rb8 28. Rxb8 Rxb8 29. Na3 Rb3 30. Qxf3 Rxa3 31. Qf6 Ra2 0-1

[Event "Valencia Cuna op"]
[White "Sosa, Tomas"]
[Black "Moreno Ibanez, Miguel"]
[Site "Valencia"]
[Round "2"]
[Result "1-0"]
[Date "2021.07.20"]
[WhiteElo "2541"]
[BlackElo "2258"]
[PlyCount "97"]
[EventDate "2021.07.19"]
[EventType "swiss"]
[EventRounds "9"]
[EventCountry "ESP"]
[SourceTitle "CBM 203 Extra"]
[Source "ChessBase"]
[SourceDate "2021.09.30"]
[SourceVersion "1"]
[SourceVersionDate "2021.09.30"]
[SourceQuality "1"]

1. e4 c5 2. Nf3 d6 3. Bb5+ Bd7 4. Bxd7+ Nxd7 5. 0-0 Ngf6 6. Re1 e6 7. c3 Be7 8. d4 cxd4 9. cxd4 d5 10. e5 Ne4 11. Re2 Nb8 12. Ne1 h6 13. f3 Ng5 14. Nc3 Nc6 15. Be3 Nh7 16. f4 Bb4 17. Rc1 Nf8 18. Nd3 Bxc3 19. Rxc3 Nd7 20. Rf2 g6 21. Rfc2 Kf8 22. Bf2 Kg7 23. Qf3 f5 24. Nc5 Nxc5 25. Rxc5 Qd7 26. Qc3 Rhc8 27. Bh4 a6 28. b4 Kf7 29. Bf6 Na7 30. Qh3 h5 31. Qg3 b6 32. Rxc8 Rxc8 33. Rxc8 Qxc8 34. h3 Nb5 35. Qg5 Qf8 36. Bd8 Kg7 37. Bxb6 Nc3 38. Bc5 Qf7 39. Qd8 Nxa2 40. Be7 g5 41. fxg5 f4 42. Bf6+ Kg6 43. Qa5 Nc3 44. Qxa6 Qd7 45. Qd6 Qe8 46. Qc7 Ne2+ 47. Kh2 Nxd4 48. b5 Nxb5 49. Qc2+ 1-0

[Event "ESP-ch 85th"]
[White "Diaz Mino, Pablo"]
[Black "Moreno Ibanez, Miguel"]
[Site "Linares"]
[Round "8"]
[Result "1-0"]
[Date "2020.09.07"]
[WhiteElo "2100"]
[BlackElo "2283"]
[PlyCount "103"]
[EventDate "2020.08.31"]
[EventType "swiss"]
[EventRounds "9"]
[EventCountry "ESP"]
[SourceTitle "EXT 2021"]
[Source "ChessBase"]
[SourceDate "2020.10.23"]
[SourceVersion "1"]
[SourceVersionDate "2020.10.23"]
[SourceQuality "1"]

1. d4 Nf6 2. c4 b6 3. Nc3 Bb7 4. f3 Nc6 5. d5 Ne5 6. e4 e6 7. f4 Ng6 8. Nf3 Bc5 9. Bd3 Ng4 10. Qe2 Nf2 11. Rf1 Nxd3+ 12. Qxd3 exd5 13. exd5 0-0 14. Bd2 Re8+ 15. Kd1 Qf6 16. Ng5 Bf8 17. h4 h6 18. h5 hxg5 19. hxg6 Qxg6 20. f5 Qh5+ 21. Kc2 Qg4 22. Rf3 Re5 23. f6 gxf6 24. Rxf6 Bg7 25. Rf3 Qh5 26. Raf1 Rf8 27. Nb5 g4 28. R3f2 a6 29. Nxc7 Rc8 30. Rxf7 Rxc7 31. Bc3 Qxf7 32. Rxf7 Kxf7 33. Bxe5 Bxe5 34. Qf5+ Bf6 35. Qxg4 Ke7 36. Qe4+ Kd8 37. Qf4 Be7 38. d6 Bxd6 39. Qxd6 Rxc4+ 40. Kd3 Rc6 41. Qf8+ Kc7 42. g4 Re6 43. Qf4+ Kc8 44. g5 Bd5 45. a3 Ba2 46. Kd4 Kb7 47. Qf3+ Kc7 48. Qf5 Rc6 49. g6 Rd6+ 50. Ke3 Re6+ 51. Kf2 Re8 52. Qc2+ 1-0

[Event "ESP-ch 85th"]
[White "Moreno Ibanez, Miguel"]
[Black "Espinosa Aranda, Angel"]
[Site "Linares"]
[Round "7"]
[Result "0-1"]
[Date "2020.09.06"]
[WhiteElo "2283"]
[BlackElo "2506"]
[PlyCount "66"]
[EventDate "2020.08.31"]
[EventType "swiss"]
[EventRounds "9"]
[EventCountry "ESP"]
[SourceTitle "EXT 2021"]
[Source "ChessBase"]
[SourceDate "2020.10.23"]
[SourceVersion "1"]
[SourceVersionDate "2020.10.23"]
[SourceQuality "1"]

1. e4 c5 2. Nf3 d6 3. d4 cxd4 4. Qxd4 Nf6 5. Nc3 Bd7 6. Bg5 Nc6 7. Qe3 Rc8 8. 0-0-0 Ng4 9. Qd2 h6 10. Be3 Qa5 11. Bc4 e6 12. Bb3 Be7 13. Bf4 Nge5 14. Nxe5 Nxe5 15. Kb1 Qc7 16. h4 b5 17. a3 a5 18. Rh3 Bc6 19. Qe2 Qb7 20. Bxe5 dxe5 21. Qh5 0-0 22. Rg3 Kh8 23. Qg4 Bf6 24. Rdd3 b4 25. Rdf3 Rg8 26. Qh5 Qe7 27. axb4 axb4 28. Nd5 exd5 29. exd5 Be8 30. Rd3 e4 31. Rd1 Ra8 32. d6 Qa7 33. Kc1 Bxb2+ 0-1

[Event "ESP-ch 85th"]
[White "Moreno Ibanez, Miguel"]
[Black "Blazquez Gomez, Miguel"]
[Site "Linares"]
[Round "5"]
[Result "1-0"]
[Date "2020.09.04"]
[WhiteElo "2283"]
[BlackElo "2024"]
[PlyCount "123"]
[EventDate "2020.08.31"]
[EventType "swiss"]
[EventRounds "9"]
[EventCountry "ESP"]
[SourceTitle "EXT 2021"]
[Source "ChessBase"]
[SourceDate "2020.10.23"]
[SourceVersion "1"]
[SourceVersionDate "2020.10.23"]
[SourceQuality "1"]

1. e4 e6 2. d4 d5 3. Nc3 Bb4 4. e5 b6 5. Qg4 Bf8 6. h4 Qd7 7. Bb5 Nc6 8. a3 Bb7 9. Nf3 0-0-0 10. h5 h6 11. Ne2 a6 12. Bd3 Re8 13. Nh4 Kb8 14. 0-0 Nge7 15. f4 f5 16. Qh3 Rg8 17. Ng6 Nxg6 18. hxg6 Ne7 19. Qh5 c5 20. c3 Rc8 21. Be3 c4 22. Bc2 Rc6 23. g4 Bc8 24. Ng3 Qe8 25. Ba4 b5 26. Bc2 Bd7 27. a4 bxa4 28. Rxa4 Rb6 29. Ra2 Kb7 30. Kh2 Qc8 31. Rg1 fxg4 32. Qxg4 Nf5 33. Bf2 Be7 34. Qf3 Qc6 35. Rb1 Rb8 36. Nh5 Ka7 37. Qg2 Bf8 38. Bd1 Be8 39. Bc2 R8b7 40. Qg4 Qc8 41. Ng3 Bd7 42. Nf1 Qb8 43. Rba1 Qe8 44. Qg2 Bc6 45. Bxf5 exf5 46. Ne3 Qe6 47. Ra5 Rd7 48. R1a2 Bb5 49. Bh4 Kb7 50. Qh3 Qxg6 51. Ra1 Bc6 52. R5a2 Rf7 53. Bd8 Rc7 54. Bxc7 Kxc7 55. Qxf5 Qe8 56. Kg3 g5 57. Rxa6 Qh5 58. Rxb6 gxf4+ 59. Qxf4 Qg6+ 60. Kf2 Kxb6 61. Qxf8 Qd3 62. Qc5+ 1-0

[Event "ESP-ch 85th"]
[White "Sanchez Lopez, Jesus"]
[Black "Moreno Ibanez, Miguel"]
[Site "Linares"]
[Round "4"]
[Result "0-1"]
[Date "2020.09.03"]
[WhiteElo "1896"]
[BlackElo "2283"]
[PlyCount "86"]
[EventDate "2020.08.31"]
[EventType "swiss"]
[EventRounds "9"]
[EventCountry "ESP"]
[SourceTitle "EXT 2021"]
[Source "ChessBase"]
[SourceDate "2020.10.23"]
[SourceVersion "1"]
[SourceVersionDate "2020.10.23"]
[SourceQuality "1"]

1. e4 c5 2. Nf3 e6 3. d4 cxd4 4. Nxd4 a6 5. c4 Qc7 6. a3 Nf6 7. Nc3 b6 8. Be3 Bb7 9. f3 Be7 10. Be2 d6 11. 0-0 Nbd7 12. Rc1 0-0 13. Qd2 Rac8 14. Rfd1 Qb8 15. Bf1 Bd8 16. Qf2 Bc7 17. g4 h6 18. h4 Ne5 19. Be2 Ng6 20. g5 hxg5 21. hxg5 Nh7 22. f4 d5 23. e5 dxc4 24. Bf3 Qa8 25. Bxb7 Qxb7 26. Qh2 Rfd8 27. Kf2 Nxg5 28. Rh1 Rxd4 29. fxg5 Rh4 30. Qg2 Qxg2+ 31. Kxg2 Rxh1 32. Rxh1 Bxe5 33. Bxb6 Rb8 34. Na4 Nf4+ 35. Kf3 Nd5 36. Re1 Nxb6 37. Nxb6 Rxb6 38. Rxe5 Rxb2 39. Ra5 Rb6 40. Ke4 Rc6 41. g6 c3 42. Ra4 c2 43. Rd4 fxg6 0-1

[Event "ESP-ch 85th"]
[White "Moreno Ibanez, Miguel"]
[Black "Ruiz Buendia, Miguel"]
[Site "Linares"]
[Round "3"]
[Result "0-1"]
[Date "2020.09.02"]
[WhiteElo "2283"]
[BlackElo "2044"]
[PlyCount "60"]
[EventDate "2020.08.31"]
[EventType "swiss"]
[EventRounds "9"]
[EventCountry "ESP"]
[SourceTitle "EXT 2021"]
[Source "ChessBase"]
[SourceDate "2020.10.23"]
[SourceVersion "1"]
[SourceVersionDate "2020.10.23"]
[SourceQuality "1"]

1. e4 c5 2. Nf3 d6 3. d4 cxd4 4. Nxd4 Nf6 5. Nc3 Nc6 6. Bc4 e6 7. Be3 Be7 8. Bb3 0-0 9. Qe2 a6 10. 0-0-0 Qc7 11. Rhg1 b5 12. g4 b4 13. Nxc6 Qxc6 14. Nd5 exd5 15. g5 dxe4 16. gxf6 Bxf6 17. Bd5 Qa4 18. Qh5 Be6 19. Rxg7+ Bxg7 20. Rg1 Rfc8 21. Bxe4 f5 22. Qh6 Qd7 23. Bxa8 Kh8 24. Rxg7 Qxg7 25. Qxe6 Rxa8 26. Qd5 Re8 27. Bd4 Re5 28. Qxd6 Qg1+ 29. Kd2 Qe1+ 30. Kd3 Qe2# 0-1

[Event "Collado Villalba 64 op 7th"]
[White "Martin Duque, Jesus"]
[Black "Moreno Ibanez, Miguel"]
[Site "Collado Villalba"]
[Round "5"]
[Result "1/2-1/2"]
[Date "2019.08.01"]
[WhiteElo "2331"]
[BlackElo "2243"]
[PlyCount "25"]
[EventDate "2019.07.29"]
[EventType "swiss"]
[EventRounds "9"]
[EventCountry "ESP"]
[SourceTitle "CBM 195 Extra"]
[Source "ChessBase"]
[SourceDate "2020.05.31"]
[SourceVersion "1"]
[SourceVersionDate "2020.05.31"]
[SourceQuality "1"]

1. Nf3 Nf6 2. b3 d6 3. g3 e5 4. d3 c5 5. Bg2 Nc6 6. 0-0 Be7 7. Bb2 0-0 8. c4 Be6 9. Nc3 Qd7 10. Re1 Bh3 11. Bh1 b6 12. Nd2 Rae8 13. Nd5 1/2-1/2

[Event "Collado Villalba 64 op 7th"]
[White "Moreno Ibanez, Miguel"]
[Black "Khudov, Oleksandr"]
[Site "Collado Villalba"]
[Round "4"]
[Result "1-0"]
[Date "2019.08.01"]
[WhiteElo "2243"]
[BlackElo "2091"]
[PlyCount "71"]
[EventDate "2019.07.29"]
[EventType "swiss"]
[EventRounds "9"]
[EventCountry "ESP"]
[SourceTitle "CBM 195 Extra"]
[Source "ChessBase"]
[SourceDate "2020.05.31"]
[SourceVersion "1"]
[SourceVersionDate "2020.05.31"]
[SourceQuality "1"]

1. e4 e6 2. d4 d5 3. Nc3 Nf6 4. e5 Nfd7 5. f4 c5 6. Nf3 Nc6 7. Be3 a6 8. Qd2 b5 9. a3 Qb6 10. Ne2 a5 11. f5 cxd4 12. Nexd4 Nxd4 13. Nxd4 Bc5 14. Bxb5 Bxd4 15. Bxd7+ Bxd7 16. Bxd4 Qa6 17. Qg5 Qc4 18. 0-0-0 Ba4 19. Bc3 g6 20. fxe6 fxe6 21. Qf6 Kd7 22. Qf7+ Kc6 23. Qxe6+ Kb7 24. Qxd5+ Qxd5 25. Rxd5 Bc6 26. Rd2 a4 27. Re1 Rhe8 28. e6 Rad8 29. Rxd8 Rxd8 30. e7 Re8 31. g3 Kc7 32. Bb4 Kd7 33. Rd1+ Kc7 34. Rd8 Kb7 35. Kd2 Kc7 36. Ke3 1-0

[Event "Collado Villalba 64 op 7th"]
[White "Gonzalez Benavides, Jose Antonio"]
[Black "Moreno Ibanez, Miguel"]
[Site "Collado Villalba"]
[Round "3"]
[Result "1/2-1/2"]
[Date "2019.07.31"]
[WhiteElo "2047"]
[BlackElo "2243"]
[PlyCount "87"]
[EventDate "2019.07.29"]
[EventType "swiss"]
[EventRounds "9"]
[EventCountry "ESP"]
[SourceTitle "CBM 195 Extra"]
[Source "ChessBase"]
[SourceDate "2020.05.31"]
[SourceVersion "1"]
[SourceVersionDate "2020.05.31"]
[SourceQuality "1"]

1. e4 c5 2. Nf3 d6 3. c3 Nf6 4. Be2 g6 5. 0-0 Bg7 6. Bb5+ Nbd7 7. Re1 a6 8. Bf1 Ne5 9. Nxe5 dxe5 10. a4 b6 11. Na3 Bb7 12. d3 0-0 13. Nc4 Nd7 14. Be3 b5 15. axb5 axb5 16. Na3 Bc6 17. f3 Ra4 18. b3 Ra8 19. Nc2 Qc7 20. Qd2 Bb7 21. Na3 Qc6 22. Rec1 Ra7 23. d4 exd4 24. cxd4 b4 25. Nc4 Rxa1 26. Rxa1 cxd4 27. Bxd4 Bxd4+ 28. Qxd4 Qc5 29. Rd1 Ra8 30. Ne3 Ba6 31. Nd5 Bxf1 32. Kxf1 Ra3 33. Qxb4 Qxb4 34. Nxb4 Nc5 35. Nc6 Rxb3 36. Nxe7+ Kg7 37. Ke2 h5 38. Rd2 Ra3 39. Nd5 Nb3 40. Rb2 Nd4+ 41. Kf2 Ne6 42. h4 Nc5 43. Rc2 Ne6 44. Rb2 1/2-1/2